[Event "Doeberl Cup Major 56th"]
[Site "Canberra"]
[Date "2018.04.02"]
[Round "7"]
[White "Clarke, Matthew"]
[Black "Mendes da Costa, Alex"]
[Result "1-0"]
[WhiteElo "1929"]
[BlackElo "1907"]
[PlyCount "137"]
[EventDate "2018.03.30"]
[EventType "swiss"]
[EventRounds "7"]
[EventCountry "AUS"]
[SourceTitle "EXT 2023"]
[Source "ChessBase"]
[SourceDate "2022.10.05"]
[SourceVersion "1"]
[SourceVersionDate "2022.10.05"]
[SourceQuality "1"]

1. d4 Nf6 2. Bf4 d5 3. e3 c5 4. c3 Nc6 5. Nd2 e6 6. Ngf3 Be7 7. Ne5 Qb6 8. Rb1 Nxe5 9. dxe5 Nd7 10. Bd3 Nf8 11. Nf3 Bd7 12. Qe2 Bc6 13. h4 h6 14. h5 Nd7 15. 0-0 0-0-0 16. b4 cxb4 17. cxb4 Ba4 18. Nd4 Kb8 19. Qb2 a6 20. Qa3 Bb5 21. Bxb5 axb5 22. Qd3 Rc8 23. Qxb5 Qxb5 24. Nxb5 Rc4 25. a3 Rhc8 26. Rfd1 b6 27. Rd4 Kb7 28. Rxc4 Rxc4 29. Rb3 Ka6 30. Nd4 b5 31. g4 Nb6 32. Kg2 Na4 33. Nf3 Nc3 34. Nd2 Rc8 35. Kf3 Na2 36. Nb1 Rc2 37. Rd3 Rc4 38. Rd4 Nc1 39. Rxc4 bxc4 40. Nc3 Nd3 41. Bg3 f6 42. Bh4 Nxe5+ 43. Kg3 Bd6 44. f4 Nd3 45. Kf3 f5 46. gxf5 exf5 47. Nxd5 Kb5 48. Nc3+ Kc6 49. Ke2 Kd7 50. Kd2 Kc6 51. Bd8 Nf2 52. Bh4 Nd3 53. Ne2 Kd5 54. Ng3 Nf2 55. Nxf5 Ne4+ 56. Kc2 Bf8 57. Be7 Bxe7 58. Nxe7+ Ke6 59. Ng6 Ng3 60. a4 Nxh5 61. a5 Nf6 62. Kc3 Kd5 63. Ne7+ Ke6 64. Ng6 Kd5 65. b5 Kc5 66. b6 Ne4+ 67. Kc2 Nd6 68. b7 Nxb7 69. a6 1-0

[Event "Doeberl Cup Major 56th"]
[Site "Canberra"]
[Date "2018.03.31"]
[Round "3"]
[White "McGowan, Cameron"]
[Black "Mendes da Costa, Alex"]
[Result "1-0"]
[WhiteElo "1960"]
[BlackElo "1907"]
[PlyCount "97"]
[EventDate "2018.03.30"]
[EventType "swiss"]
[EventRounds "7"]
[EventCountry "AUS"]
[SourceTitle "EXT 2023"]
[Source "ChessBase"]
[SourceDate "2022.10.05"]
[SourceVersion "1"]
[SourceVersionDate "2022.10.05"]
[SourceQuality "1"]

1. e4 e5 2. Nf3 Nc6 3. Bc4 Bc5 4. c3 Qe7 5. 0-0 d6 6. d3 Nf6 7. h3 Be6 8. Bb5 Bd7 9. Re1 0-0 10. Nbd2 a6 11. Ba4 Rad8 12. Nf1 Rfe8 13. Bg5 Qf8 14. Bxf6 gxf6 15. Ng3 b5 16. Bb3 Qh6 17. Rf1 Ne7 18. Nh2 f5 19. exf5 Nxf5 20. Ng4 Qg6 21. Ne4 Kh8 22. Nxc5 dxc5 23. f4 Ng3 24. Nxe5 Rxe5 25. fxe5 Nxf1 26. Qxf1 Be6 27. Bxe6 fxe6 28. Qf6+ Qxf6 29. exf6 Kg8 30. Rf1 Rxd3 31. Rf2 Kf7 32. Kh2 b4 33. c4 b3 34. axb3 Rxb3 35. g4 Rb4 36. g5 Rxc4 37. Kg3 Rd4 38. h4 a5 39. h5 Rd5 40. g6+ hxg6 41. hxg6+ Kf8 42. Kg4 Rd1 43. f7 Rg1+ 44. Kh5 c4 45. Rd2 Ke7 46. Rd7+ Kxd7 47. f8Q Rh1+ 48. Kg5 Rg1+ 49. Kh6 1-0

[Event "Doeberl Cup Major 48th"]
[Site "Canberra"]
[Date "2010.04.03"]
[Round "3"]
[White "Anderson Smith, William T"]
[Black "Mendes da Costa, Alex"]
[Result "0-1"]
[WhiteElo "1560"]
[BlackElo "1920"]
[PlyCount "64"]
[EventDate "2010.04.02"]
[EventType "swiss"]
[EventRounds "7"]
[EventCountry "AUS"]
[SourceTitle "EXT 2012"]
[Source "ChessBase"]
[SourceDate "2011.11.24"]
[SourceVersion "1"]
[SourceVersionDate "2011.11.24"]
[SourceQuality "1"]

1. d4 Nf6 2. c4 c5 3. d5 b5 4. cxb5 a6 5. f3 e6 6. e4 exd5 7. exd5 Qe7+ 8. Be2 axb5 9. Nh3 d6 10. Nf2 Qb7 11. 0-0 Be7 12. Nc3 b4 13. Nce4 Nxd5 14. Bc4 Be6 15. Re1 0-0 16. Ng5 Bxg5 17. Bxg5 Nc7 18. Bxe6 Nxe6 19. Ne4 d5 20. Nd6 Qd7 21. Qxd5 Ra6 22. Rad1 Nxg5 23. Qxc5 Qa7 24. Qxa7 Rxa7 25. f4 Ne6 26. f5 Nc5 27. Rd5 Ncd7 28. Ne4 Rxa2 29. b3 Rb2 30. Re3 Rc8 31. Nc5 Nf6 32. Rde5 Rb1+ 0-1

[Event "AUS-ch Major"]
[Site "Cammeray"]
[Date "2010.01.09"]
[Round "7"]
[White "Mendes da Costa, Alex"]
[Black "Stahnke, Alexander"]
[Result "0-1"]
[WhiteElo "1945"]
[BlackElo "1701"]
[PlyCount "120"]
[EventDate "2010.01.02"]
[EventType "swiss"]
[EventRounds "11"]
[EventCountry "AUS"]
[SourceTitle "EXT 2011"]
[Source "ChessBase"]
[SourceDate "2010.11.26"]
[SourceVersion "1"]
[SourceVersionDate "2010.11.26"]
[SourceQuality "1"]

1. e4 c5 2. Nf3 e6 3. d4 cxd4 4. Nxd4 a6 5. c4 b6 6. Nc3 Bb7 7. Be3 d6 8. Be2 Nd7 9. 0-0 Ngf6 10. f3 Be7 11. Rc1 Rc8 12. Qd2 0-0 13. Rfd1 Ne5 14. b3 d5 15. f4 Neg4 16. e5 Nxe3 17. exf6 Nxd1 18. fxe7 Qxe7 19. Rxd1 dxc4 20. Bxc4 b5 21. Bf1 Rfd8 22. Nce2 h6 23. Qe3 Rd7 24. Rc1 Rxc1 25. Qxc1 Qf6 26. Qe3 Qd8 27. g3 Qa8 28. Bh3 Be4 29. Nc3 Qa7 30. Nce2 Bg6 31. Bg2 Qc5 32. Kf2 Kh8 33. Bf3 Qa3 34. Qc3 Kh7 35. Qc6 Rd6 36. Qc7 Qb4 37. Ke3 a5 38. Qc1 Rd7 39. Qc6 Rd6 40. Qxb5 Rxd4 41. Nxd4 Qc3+ 42. Kf2 Qxd4+ 43. Kg2 Bd3 44. Qe5 Qb4 45. Qe3 Qc3 46. Be2 Qc6+ 47. Bf3 Qc2+ 48. Qf2 Qb1 49. g4 Bc2 50. Kg3 f5 51. Qb6 Qxa2 52. Qxe6 Qxb3 53. gxf5 Qxe6 54. fxe6 Kg6 55. Bd5 Kf6 56. Kg4 a4 57. Kh5 Bb3 58. Be4 a3 59. e7 Kxe7 60. Bb1 Bf7+ 0-1

[Event "AUS-ch Major"]
[Site "Cammeray"]
[Date "2010.01.04"]
[Round "3"]
[White "Mendes da Costa, Alex"]
[Black "Wijesuriya, G Vineetha"]
[Result "1-0"]
[WhiteElo "1945"]
[BlackElo "1654"]
[PlyCount "75"]
[EventDate "2010.01.02"]
[EventType "swiss"]
[EventRounds "11"]
[EventCountry "AUS"]
[SourceTitle "EXT 2011"]
[Source "ChessBase"]
[SourceDate "2010.11.26"]
[SourceVersion "1"]
[SourceVersionDate "2010.11.26"]
[SourceQuality "1"]

1. e4 b6 2. g3 Bb7 3. Bg2 e6 4. Nc3 Ne7 5. Nf3 d5 6. Qe2 d4 7. Nb1 c5 8. d3 Ng6 9. 0-0 e5 10. Ng5 h6 11. Nh3 Nd7 12. f4 exf4 13. Nxf4 Nge5 14. Na3 Be7 15. Bd2 0-0 16. Rae1 Nf6 17. Nc4 Nfg4 18. Nxe5 Nxe5 19. Nd5 Bg5 20. Bxg5 hxg5 21. Qh5 f6 22. h4 Bc8 23. hxg5 Bg4 24. Qh4 fxg5 25. Rxf8+ Qxf8 26. Qxg5 Nf3+ 27. Bxf3 Qxf3 28. Ne7+ Kh7 29. Qh4+ Bh5 30. Rf1 Qe3+ 31. Kg2 Qh6 32. g4 g5 33. Qxh5 Qxh5 34. gxh5 Kh6 35. Kg3 Rh8 36. Kg4 Re8 37. Rf7 Rxe7 38. Rxe7 1-0

[Event "Doeberl Cup Major 47th"]
[Site "Canberra"]
[Date "2009.04.11"]
[Round "3"]
[White "Boyce, Jamie"]
[Black "Mendes da Costa, Alex"]
[Result "0-1"]
[WhiteElo "1866"]
[BlackElo "1932"]
[PlyCount "116"]
[EventDate "2009.04.10"]
[EventType "swiss"]
[EventRounds "6"]
[EventCountry "AUS"]
[SourceTitle "CBM 129 Extra"]
[Source "ChessBase"]
[SourceDate "2009.05.05"]
[SourceVersion "2"]
[SourceVersionDate "2009.05.20"]
[SourceQuality "1"]

1. Nf3 Nf6 2. c4 d5 3. cxd5 Nxd5 4. d4 g6 5. Nc3 Bg7 6. e4 Nxc3 7. bxc3 c5 8. Be3 0-0 9. Qd2 cxd4 10. cxd4 Nc6 11. Be2 Bg4 12. Rd1 Qd6 13. 0-0 Rfd8 14. e5 Qd7 15. Qb2 Be6 16. Rd2 Rac8 17. Ng5 Bd5 18. f4 Na5 19. Bb5 Qc7 20. Qb4 Qc3 21. Qxc3 Rxc3 22. Rd3 Rdc8 23. Bd2 Rc2 24. Rf2 Rxa2 25. Bc3 Ra3 26. Bb4 Ra1+ 27. Rf1 Ra2 28. Rd2 Rxd2 29. Bxd2 Nb3 30. Be3 Rc3 31. Bf2 a6 32. Be2 Bh6 33. Rd1 f6 34. exf6 exf6 35. Bf3 Bxf3 36. Nxf3 Bxf4 37. d5 Bd6 38. Bg3 Bxg3 39. hxg3 Rc1 40. Rxc1 Nxc1 41. Kf2 Kf7 42. Ke3 Ke7 43. Kd2 Na2 44. Kd3 Kd6 45. Kc4 b5+ 46. Kb3 Nc1+ 47. Kb4 Kxd5 48. Ka5 Ne2 49. Kxa6 b4 50. Ka5 Kc5 51. Nd2 Nxg3 52. Ka4 f5 53. Nb3+ Kc4 54. Na5+ Kc3 55. Nb3 Ne2 56. Nc5 Nf4 57. g3 Nd3 58. Nb3 Nb2+ 0-1

[Event "Oceania zt"]
[Site "Fiji"]
[Date "2007.05.10"]
[Round "7"]
[White "Fancy, Stuart"]
[Black "Mendes da Costa, Alex"]
[Result "0-1"]
[WhiteElo "2171"]
[BlackElo "2017"]
[PlyCount "58"]
[EventDate "2007.05.06"]
[EventType "swiss"]
[EventRounds "9"]
[EventCountry "FIJ"]
[SourceTitle "EXT 2010"]
[Source "ChessBase"]
[SourceDate "2010.11.25"]
[SourceVersion "1"]
[SourceVersionDate "2010.11.25"]
[SourceQuality "1"]

1. e4 e5 2. Nf3 Nc6 3. Bb5 g6 4. d4 exd4 5. Nxd4 Bg7 6. Be3 Qe7 7. 0-0 Nf6 8. Nc3 0-0 9. Bg5 Qc5 10. Nxc6 dxc6 11. Be3 Qb4 12. Be2 Nxe4 13. Nxe4 Qxe4 14. c3 Be6 15. Bd3 Qh4 16. Qc2 a5 17. f4 f5 18. Rad1 a4 19. c4 Qf6 20. Rd2 Bf7 21. Be2 Qe7 22. Rf3 Rfe8 23. Kf2 Qh4+ 24. Kf1 Rxe3 25. Rxe3 Qxf4+ 26. Rf3 Qxh2 27. g3 Qh1+ 28. Kf2 c5 29. Bd1 Re8 0-1

[Event "Oceania zt"]
[Site "Fiji"]
[Date "2007.05.08"]
[Round "5"]
[White "Mendes da Costa, Alex"]
[Black "Illingworth, Max"]
[Result "1/2-1/2"]
[WhiteElo "2017"]
[BlackElo "2006"]
[PlyCount "117"]
[EventDate "2007.05.06"]
[EventType "swiss"]
[EventRounds "9"]
[EventCountry "FIJ"]
[SourceTitle "EXT 2010"]
[Source "ChessBase"]
[SourceDate "2010.11.25"]
[SourceVersion "1"]
[SourceVersionDate "2010.11.25"]
[SourceQuality "1"]

1. e4 c5 2. Nf3 Nc6 3. d4 cxd4 4. Nxd4 Nf6 5. Nc3 e5 6. Ndb5 d6 7. a4 a6 8. Na3 Bg4 9. f3 Be6 10. Bc4 Qb6 11. Bd5 Nb4 12. Nc4 Qc7 13. Ne3 Be7 14. 0-0 0-0 15. Rf2 Rab8 16. Ra3 Qc5 17. Bb3 Rfc8 18. Na2 Bxb3 19. Nxb4 Qxb4 20. Rxb3 Qxa4 21. Nf5 Bf8 22. Rd3 Ne8 23. Bg5 Qd7 24. Rfd2 b5 25. f4 h6 26. Rh3 Qe6 27. Qg4 Qg6 28. Qh4 Rc4 29. Bxh6 f6 30. Rg3 Qh7 31. fxe5 Qxf5 32. Re2 Qxe5 33. Qg4 Qc5+ 34. Be3 Qc8 35. Qg6 Nc7 36. Rf2 Qe8 37. Qxf6 Qe6 38. Qg5 Rxe4 39. Rxf8+ Kxf8 40. Qxg7+ Ke8 41. Qxc7 Rd8 42. Rh3 Qxh3 43. gxh3 Rxe3 44. h4 Re5 45. Qg7 Re7 46. Qg6+ Kd7 47. h5 Rh8 48. Qg4+ Kc7 49. Qd4 Reh7 50. Qa7+ Kc6 51. Qxa6+ Kc5 52. Qa3+ Kc6 53. Qc3+ Kb6 54. Qd4+ Kc6 55. Qe4+ Kc7 56. c4 bxc4 57. Qxc4+ Kd7 58. Qb5+ Kc7 59. Qc4+ 1/2-1/2

[Event "Sydney op"]
[Site "Parramatta"]
[Date "2007.04.12"]
[Round "4"]
[White "Mendes da Costa, Alex"]
[Black "Pyke, Malcolm"]
[Result "0-1"]
[WhiteElo "2017"]
[BlackElo "2235"]
[PlyCount "100"]
[EventDate "2007.04.10"]
[EventType "swiss"]
[EventRounds "9"]
[EventCountry "AUS"]
[SourceTitle "CBM 117 Extra"]
[Source "ChessBase"]
[SourceDate "2007.05.09"]
[SourceVersion "1"]
[SourceVersionDate "2007.05.09"]
[SourceQuality "1"]

1. e4 e6 2. d4 d5 3. Nd2 Nf6 4. e5 Nfd7 5. Bd3 c5 6. c3 Nc6 7. Ne2 cxd4 8. cxd4 f6 9. exf6 Qxf6 10. Nf3 Bd6 11. Bg5 Qf7 12. 0-0 0-0 13. Bh4 Nf6 14. Bg3 Bxg3 15. Nxg3 a6 16. Rc1 Bd7 17. Re1 Rae8 18. Re2 g6 19. Qb3 Bc8 20. Qc3 Qe7 21. Bxa6 Nb4 22. Bb5 Nxa2 23. Qc2 Nxc1 24. Qxc1 Bd7 25. Bxd7 Nxd7 26. Qe1 Qd6 27. h4 Rf4 28. h5 Nf8 29. Re5 Qe7 30. Qd2 Qf6 31. Qb4 Rc8 32. Re1 Qg7 33. Ne5 Rc2 34. Nf3 Qc7 35. hxg6 hxg6 36. Nf1 Rf7 37. Ne3 Rc1 38. Ng4 Rf4 39. Nge5 Rxe1+ 40. Qxe1 Qb6 41. Qd2 Re4 42. Qh6 Qd8 43. Ng5 Re1+ 44. Kh2 Qf6 45. Ngf7 Re4 46. Kg1 Rxd4 47. g3 Re4 48. g4 Nd7 49. Ng5 Nxe5 50. Nxe4 Nf3+ 0-1

[Event "Australian op"]
[Site "Tuggeranong"]
[Date "2007.01.09"]
[Round "11"]
[White "Mendes da Costa, Alex"]
[Black "Oliver, Shannon"]
[Result "0-1"]
[WhiteElo "2038"]
[BlackElo "1918"]
[PlyCount "102"]
[EventDate "2006.12.28"]
[EventType "swiss"]
[EventRounds "11"]
[EventCountry "AUS"]
[SourceTitle "CBM 116 Extra"]
[Source "ChessBase"]
[SourceDate "2007.03.07"]
[SourceVersion "1"]
[SourceVersionDate "2007.03.07"]
[SourceQuality "1"]

1. e4 c5 2. Nf3 d6 3. d4 cxd4 4. Nxd4 Nf6 5. f3 a6 6. c4 e6 7. Nc3 Be7 8. Be2 0-0 9. 0-0 Nbd7 10. Kh1 Qc7 11. Qd2 b6 12. b3 Bb7 13. Bb2 Rfd8 14. Rac1 Rac8 15. Rfd1 Qb8 16. Qe3 Bf8 17. Bd3 Ne5 18. Bb1 Nfd7 19. f4 Nc6 20. Nce2 Nxd4 21. Nxd4 Ba8 22. Qh3 h6 23. Nxe6 Re8 24. Nxg7 Bxg7 25. Qg4 Ne5 26. fxe5 dxe5 27. Rd7 Bc6 28. Rd2 Re6 29. Rcd1 Rce8 30. Qh4 Qc7 31. Rd8 R6e7 32. R8d6 Re6 33. Rxe6 Rxe6 34. Qd8+ Qxd8 35. Rxd8+ Kh7 36. Kg1 Bf6 37. Rd1 Be7 38. Kf1 Bc5 39. Ke2 Rg6 40. g3 f6 41. Bc3 a5 42. Bc2 Rg7 43. Ra1 Rd7 44. Rf1 Kg6 45. Rd1 Rc7 46. Kf3 h5 47. Bd3 Bd7 48. Rd2 Bg4+ 49. Kg2 Rd7 50. h3 Be3 51. Rc2 Bd1 0-1

[Event "Australian op"]
[Site "Tuggeranong"]
[Date "2007.01.05"]
[Round "8"]
[White "Bennett, Hilton Petrie"]
[Black "Mendes da Costa, Alex"]
[Result "1-0"]
[WhiteElo "2104"]
[BlackElo "2038"]
[PlyCount "93"]
[EventDate "2006.12.28"]
[EventType "swiss"]
[EventRounds "11"]
[EventCountry "AUS"]
[SourceTitle "CBM 116 Extra"]
[Source "ChessBase"]
[SourceDate "2007.03.07"]
[SourceVersion "1"]
[SourceVersionDate "2007.03.07"]
[SourceQuality "1"]

1. e4 e5 2. Bc4 Nc6 3. Nc3 Nf6 4. d3 Bb4 5. Nge2 d5 6. exd5 Nxd5 7. 0-0 Nb6 8. Bb3 Qe7 9. f4 Be6 10. f5 Bxb3 11. axb3 Bc5+ 12. Kh1 0-0-0 13. Ne4 f6 14. N2g3 Nd5 15. Nxc5 Qxc5 16. Ne4 Qb6 17. Bd2 Ne3 18. Bxe3 Qxe3 19. Qg4 Rd7 20. Rae1 Qb6 21. Qg3 Nb4 22. Qf2 Qxf2 23. Rxf2 b6 24. Nc3 a5 25. h3 Rf8 26. Ne4 Kb7 27. Ree2 Ra8 28. Nc3 c5 29. Re1 Nc6 30. Re4 Rd4 31. Re1 Rd7 32. Re4 Nd4 33. Re1 Kc6 34. Ra1 Rda7 35. Kg1 b5 36. Kf1 a4 37. bxa4 b4 38. Nd1 Rxa4 39. Rxa4 Rxa4 40. Ke1 Ra2 41. Kd2 Kb5 42. Kc1 b3 43. cxb3 Nxb3+ 44. Kc2 Kb4 45. Nc3 Nd4+ 46. Kb1 Kb3 47. Nxa2 1-0

[Event "Australian op"]
[Site "Tuggeranong"]
[Date "2007.01.04"]
[Round "7"]
[White "Mendes da Costa, Alex"]
[Black "Grcic, Milan"]
[Result "1/2-1/2"]
[WhiteElo "2038"]
[BlackElo "2014"]
[PlyCount "117"]
[EventDate "2006.12.28"]
[EventType "swiss"]
[EventRounds "11"]
[EventCountry "AUS"]
[SourceTitle "CBM 116 Extra"]
[Source "ChessBase"]
[SourceDate "2007.03.07"]
[SourceVersion "1"]
[SourceVersionDate "2007.03.07"]
[SourceQuality "1"]

1. e4 d5 2. exd5 Qxd5 3. d4 e5 4. Be3 Nc6 5. Nf3 Bg4 6. Be2 exd4 7. Nc3 Qh5 8. Nxd4 Bxe2 9. Qxe2 Qxe2+ 10. Ncxe2 Nxd4 11. Nxd4 0-0-0 12. 0-0-0 Bc5 13. c3 Nf6 14. Kc2 Ng4 15. h3 Nxe3+ 16. fxe3 Rhe8 17. Rde1 Re5 18. Rhf1 f6 19. Rf3 Bxd4 20. cxd4 Rxd4 21. exd4 Rxe1 22. Rg3 g6 23. Kc3 Re2 24. a3 Kd7 25. b4 b5 26. Kd3 Re1 27. Rf3 f5 28. g4 Ra1 29. Kc2 fxg4 30. hxg4 Ke6 31. Rh3 Rg1 32. Rxh7 Kd6 33. Rh8 Rxg4 34. Rd8+ Kc6 35. d5+ Kb7 36. Rg8 Rg3 37. Kb2 g5 38. Ka2 g4 39. Kb2 Rg1 40. Ka2 g3 41. Kb2 g2 42. Ka2 Rd1 43. Rxg2 Rxd5 44. Rg3 Kb6 45. Kb3 a5 46. Rc3 a4+ 47. Kc2 c5 48. Rxc5 Rxc5+ 49. bxc5+ Kxc5 50. Kc3 Kb6 51. Kb2 Kc6 52. Kc2 Kd5 53. Kd3 Kc5 54. Kc3 Kd5 55. Kd3 Kc6 56. Kc2 Kd6 57. Kd2 Ke5 58. Kc3 Ke4 59. Kb4 1/2-1/2

[Event "Australian op"]
[Site "Tuggeranong"]
[Date "2007.01.02"]
[Round "5"]
[White "Mendes da Costa, Alex"]
[Black "Smirnov, Vladimir"]
[Result "0-1"]
[WhiteElo "2038"]
[BlackElo "2281"]
[PlyCount "76"]
[EventDate "2006.12.28"]
[EventType "swiss"]
[EventRounds "11"]
[EventCountry "AUS"]
[SourceTitle "CBM 116 Extra"]
[Source "ChessBase"]
[SourceDate "2007.03.07"]
[SourceVersion "1"]
[SourceVersionDate "2007.03.07"]
[SourceQuality "1"]

1. e4 Nc6 2. d4 e5 3. Nf3 d6 4. Bc4 Bg4 5. c3 Bxf3 6. Qxf3 Qf6 7. Be3 Qxf3 8. gxf3 g6 9. Na3 a6 10. Ke2 Bg7 11. Nc2 b5 12. Bd3 exd4 13. cxd4 Nge7 14. f4 d5 15. f3 0-0 16. e5 Nd8 17. a4 Ne6 18. axb5 axb5 19. b3 Rfd8 20. Bxb5 Rab8 21. Ba4 Nf5 22. Rhd1 c5 23. Kd3 Bh6 24. dxc5 d4 25. Bxd4 Nfxd4 26. Nxd4 Rxd4+ 27. Kc3 Rxd1 28. Rxd1 Nxc5 29. Rd4 Ne6 30. Rd5 Nxf4 31. Rc5 Ne6 32. Rd5 Rc8+ 33. Kb4 Bf8+ 34. Ka5 Rb8 35. Rd1 Bc5 36. Bb5 Nc7 37. Bc6 Rb6 38. Rd8+ Kg7 0-1

[Event "AUS-ch Major"]
[Site "Brisbane"]
[Date "2006.01.04"]
[Round "7"]
[White "Lovejoy, David W"]
[Black "Mendes da Costa, Alex"]
[Result "0-1"]
[WhiteElo "2044"]
[BlackElo "2044"]
[PlyCount "54"]
[EventDate "2005.12.28"]
[EventType "swiss"]
[EventRounds "11"]
[EventCountry "AUS"]
[SourceTitle "EXT 2007"]
[Source "ChessBase"]
[SourceDate "2006.11.23"]
[SourceVersion "1"]
[SourceVersionDate "2006.11.23"]
[SourceQuality "1"]

1. Nf3 Nf6 2. c4 c5 3. g3 g6 4. Bg2 Bg7 5. 0-0 0-0 6. Nc3 Nc6 7. d4 cxd4 8. Nxd4 Qb6 9. Nc2 d6 10. Rb1 Bf5 11. e4 Be6 12. Nd5 Bxd5 13. cxd5 Ne5 14. b3 Rfc8 15. Ne3 Qa6 16. a4 Nd3 17. Ba3 Nd7 18. Qe2 N7c5 19. Rfd1 Ne5 20. Qd2 b5 21. Bxc5 Rxc5 22. f4 Nd7 23. Bf1 Nf6 24. axb5 Qb6 25. Kg2 Nxe4 26. Qd3 Nc3 27. b4 Rc7 0-1

[Event "AUS-ch Major"]
[Site "Brisbane"]
[Date "2006.01.03"]
[Round "6"]
[White "Mendes da Costa, Alex"]
[Black "Selnes, Hamish"]
[Result "1/2-1/2"]
[WhiteElo "2044"]
[BlackElo "1952"]
[PlyCount "70"]
[EventDate "2005.12.28"]
[EventType "swiss"]
[EventRounds "11"]
[EventCountry "AUS"]
[SourceTitle "CBM 110 Extra"]
[Source "ChessBase"]
[SourceDate "2006.03.10"]
[SourceVersion "2"]
[SourceVersionDate "2006.03.10"]
[SourceQuality "1"]

1. e4 Nc6 2. Nf3 d6 3. d4 Nf6 4. Nc3 Bg4 5. Bb5 a6 6. Bxc6+ bxc6 7. 0-0 e6 8. Qe2 d5 9. a3 Be7 10. Qd3 Bxf3 11. Qxf3 0-0 12. e5 Nd7 13. Ne2 c5 14. Qg4 Re8 15. Bh6 Bf8 16. Bg5 Qb8 17. Rab1 cxd4 18. Qxd4 c5 19. Qd2 Nxe5 20. Kh1 Nc4 21. Qc1 Be7 22. Ng3 Bxg5 23. Qxg5 Qe5 24. Qc1 h6 25. f4 Qe3 26. Qxe3 Nxe3 27. Rf2 Reb8 28. a4 Rb7 29. Re2 Nc4 30. b3 g6 31. Nf1 Rab8 32. g4 Nd6 33. Ng3 c4 34. f5 gxf5 35. gxf5 Nxf5 1/2-1/2

[Event "Stratagem Masters-B U20"]
[Site "Australia"]
[Date "2006.??.??"]
[Round "1"]
[White "Illingworth, Max"]
[Black "Mendes da Costa, Alex"]
[Result "0-1"]
[WhiteElo "1840"]
[BlackElo "1935"]
[PlyCount "60"]
[EventDate "2006.??.??"]
[EventType "tourn"]
[EventRounds "9"]
[EventCountry "AUS"]
[SourceTitle "EXT 2008"]
[Source "ChessBase"]
[SourceDate "2007.11.25"]
[SourceVersion "1"]
[SourceVersionDate "2007.11.25"]
[SourceQuality "1"]

1. d4 Nf6 2. c4 c5 3. d5 b5 4. cxb5 a6 5. f3 e6 6. e4 exd5 7. e5 Qe7 8. Qe2 Ng8 9. Nc3 Bb7 10. Bf4 c4 11. Nh3 axb5 12. 0-0-0 Qb4 13. Be3 Bc5 14. Kb1 Bxe3 15. Qxe3 Ne7 16. Nf4 Qa5 17. a3 Na6 18. Nfxd5 b4 19. axb4 Nxb4 20. Nxb4 Qxb4 21. Qd4 0-0 22. Qxc4 Qa5 23. Qb5 Qa7 24. Bd3 Bc6 25. Qc4 Rfb8 26. b3 Bd5 27. Bxh7+ Kxh7 28. Nxd5 Nxd5 29. Qxd5 Qa2+ 30. Kc1 Rc8+ 0-1